000 00294nam a22001337a 4500
008 171228b xxu||||| |||| 00| 0 eng d
020 _a9780159007761
041 _aeng
080 _a34
100 _a14
101 _aJUR
245 _aGILBERT LAW SUMMARIES
_cEISENBERG,M,A
942 _2udc
_cBK
999 _c39564
_d39564